| 000 | 01024nam a2200313 i 4500 | ||
|---|---|---|---|
| 001 | 147110 | ||
| 003 | ES-MaACL | ||
| 005 | 20230906201814.0 | ||
| 007 | t| | ||
| 008 | 070921s1986 sp ||||1| spa d | ||
| 020 | _a84-239-2417-3 | ||
| 080 | _a946"1936/39"(04) | ||
| 080 | _a946"1939/75"(04) | ||
| 080 | _a32(460)"1975/82" | ||
| 080 | _a32(460)"1982/96" | ||
| 100 | 1 |
_aTusell, Javier. _9111767 |
|
| 245 | 1 | 4 |
_aLos hijos de la sangre _b: la España de 1936 desde 1986 / _cJavier Tusell. |
| 260 |
_aMadrid : _bEspasa-Calpe, _c1986. |
||
| 300 |
_a278 p. ; _c23 cm. |
||
| 490 | 1 | _aEspasa mañana | |
| 586 | _aPremio Espasa Calpe de Ensayo, 1986. | ||
| 651 | 4 |
_aEspaña- _xHistoria- _y1936-1939, Guerra civil. _98292 |
|
| 651 | 4 |
_aEspaña- _xHistoria- _y1939-1975, Dictadura. _9167928 |
|
| 651 | 4 |
_aEspaña- _xHistoria- _y1975-1982, Transición. _9149272 |
|
| 651 | 4 |
_aEspaña- _xPolítica y gobierno- _y1982-1996. _98449 |
|
| 830 | 1 |
_aEspasa mañana _9177812 |
|
| 852 |
_aES-MaACL _jL-11011 |
||
| 999 |
_c147110 _d147110 |
||